| 000 | 00577nam a2200229Ia 4500 | ||
|---|---|---|---|
| 003 | OSt | ||
| 005 | 20221007111433.0 | ||
| 006 | a|||||r|||| 00| 0 | ||
| 007 | ta | ||
| 008 | 221006b |||||||| |||| 00| 0 eng d | ||
| 024 | _a23,510 | ||
| 037 | _cTextual | ||
| 040 |
_aLCO _cLCO _beng |
||
| 041 |
_2eng _aeng |
||
| 082 | _aV2:2, K9 | ||
| 100 | _aShukla V.N. | ||
| 245 | 0 | _aConstitution of India | |
| 260 |
_aLucknow _bEastern Book Company India _c1969 |
||
| 650 | _aCONSTITUTION | ||
| 942 |
_hV2:2, K9 _cTEXL |
||
| 999 |
_c1193073 _d1193073 |
||